UBT Library

LEO STRAUSS AND THE POLITICS OF AMERICAN EMPIRE (Record no. 16456)

000 -LEADER
fixed length control field 00314nam a22001337a 4500
008 - FIXED-LENGTH DATA ELEMENTS--GENERAL INFORMATION
fixed length control field 170608b xxu||||| |||| 00| 0 eng d
020 ## - INTERNATIONAL STANDARD BOOK NUMBER
International Standard Book Number 9780300104363
041 ## - LANGUAGE CODE
Language code of text/sound track or separate title eng
080 ## - UNIVERSAL DECIMAL CLASSIFICATION NUMBER
Universal Decimal Classification number 32
100 ## - Rafti
Rafti 18
101 ## - Shkurtesa
Shkurtesa SHP
245 ## - TITLE STATEMENT
Title LEO STRAUSS AND THE POLITICS OF AMERICAN EMPIRE
Statement of responsibility, etc NOTRON.A
942 ## - ADDED ENTRY ELEMENTS (KOHA)
Source of classification or shelving scheme
Item type Books
Holdings
Withdrawn status Lost status Source of classification or shelving scheme Damaged status Not for loan Collection code Permanent location Current location Shelving location Date acquired Total Checkouts Full call number Barcode Date last seen Price effective from Koha item type
          Koleksioni i përgjithshem UBT - Lipjan UBT - Lipjan Koleksioni i përgjithshem 06/08/2017   94 NOR 002-2903518 06/08/2017 06/08/2017 Books
UBT Library © 2015-2024. All rights reserved University Education for Business and Technology